|
|
|
|
| LEADER |
00000cam a2200000 a 4500 |
| 001 |
vtls008323986 |
| 003 |
SK-MaSNL |
| 005 |
20260311144854.0 |
| 008 |
230403s1962 xo abo c p 000 0 slo |
| 015 |
|
|
|a SNBA1962/03-00485
|
| 020 |
|
|
|q (viaz.)
|
| 035 |
|
|
|a SK01SNK19620016203
|
| 035 |
|
|
|a urn:nbn:sk:snk-am3iko1
|
| 035 |
|
|
|a 7DB5124C-165A-4327-AA5E-55ED464E87A0
|
| 035 |
|
|
|a urn:nbn:sk:snk-am00eney
|
| 035 |
|
|
|a SKM000018666
|
| 040 |
|
|
|a SNK
|b slo
|c SNK
|e AACR2
|
| 041 |
0 |
|
|a slo
|
| 044 |
|
|
|a xo
|c SK
|
| 080 |
|
|
|a 372.891(075.2)
|2 1981
|
| 100 |
1 |
|
|a Šoka, Milan
|c (geograf)
|4 aut
|9 169999
|
| 245 |
1 |
0 |
|a Zemepisné obrazy ČSSR
|b učebnica zemepisu pre 5. ročník základnej deväťročnej školy
|c Milan Šoka
|
| 250 |
|
|
|a 8. vyd.
|
| 260 |
|
|
|a Bratislava
|b Slovenské pedagogické nakladateľstvo
|c 1962
|e Bratislava
|f Polygrafické závody 02
|
| 300 |
|
|
|a 126, [2] s.
|b fotogr., ilustr., mp., tab.
|c 8°
|
| 366 |
|
|
|e 31000 výtl.
|
| 650 |
0 |
7 |
|a geografia
|2 SNKPH
|9 823
|
| 651 |
|
7 |
|a Československo
|2 SNKPHgeo
|9 21376
|
| 655 |
|
7 |
|a učebnice základných škôl
|2 SNKPH
|9 70187
|
| 852 |
|
|
|a Slovenská národná knižnica
|
| 954 |
|
|
|a odborná, vedecká literatúra pôvodná (slovenská)
|2 lita
|
| 958 |
|
|
|a OND
|
| 958 |
|
|
|a RK
|
| 958 |
|
|
|a UX
|
| 958 |
|
|
|a EUIPO
|
| 999 |
|
|
|c 1110821
|d 1112751
|
| 952 |
|
|
|a SNK
|b SNK
|y PREZ
|7 0
|p 17A0841775
|o snkSC 16164
|i snkKSP 804/62
|0 0
|1 0
|4 0
|d 2020-07-31
|f 1
|l 0
|r 2025-07-18 00:00:00
|w 2026-02-24
|
| 952 |
|
|
|a SNK
|b SNK
|y VYP
|7 0
|o snkSC 16164 D1
|0 0
|1 0
|4 0
|d 2020-07-31
|l 0
|r 2026-02-24 17:59:57
|w 2026-02-24
|